Punjab K Mard / (Record no. 524517)

000 -LEADER
fixed length control field 00427nam a22001697a 4500
003 - CONTROL NUMBER IDENTIFIER
control field NUST
038 ## - RECORD CONTENT LICENSOR
Staff Name waseem
082 ## - DEWEY DECIMAL CLASSIFICATION NUMBER
Classification number 301.9547
Author Mark AHM
100 ## - MAIN ENTRY--PERSONAL NAME
Personal name Ahmed, Irshad
9 (RLIN) 15327
245 ## - TITLE STATEMENT
Title Punjab K Mard /
Statement of responsibility, etc. Irshad Ahmed
260 ## - PUBLICATION, DISTRIBUTION, ETC.
Place of publication, distribution, etc. Lahore :
Name of publisher, distributor, etc. Al-Faisal,
Date of publication, distribution, etc. 2001.
300 ## - PHYSICAL DESCRIPTION
Extent 389 p. ;
500 ## - GENERAL NOTE
General note Hardcover.
880 ## - ALTERNATE GRAPHIC REPRESENTATION
Linkage 100-01\r
Title ارشاد احمد
880 ## - ALTERNATE GRAPHIC REPRESENTATION
Linkage 245-02\r
Title پنجاب کا مرد /
942 ## - ADDED ENTRY ELEMENTS (KOHA)
Source of classification or shelving scheme
Koha item type Book
Holdings
Withdrawn status Lost status Source of classification or shelving scheme Damaged status Not for loan Permanent Location Current Location Shelving location Date acquired Full call number Barcode Date last seen Price effective from Koha item type
          Central Library (CL) Central Library (CL) Urdu Literature 06/22/2019 305.48 AHM CL-E-2135 08/21/2025 06/22/2019 Book
© 2023 Central Library, National University of Sciences and Technology. All Rights Reserved.